|
|
|
|
| LEADER |
00811nam a2200205 u 4500 |
| 001 |
10088796 |
| 003 |
GR-PaULI |
| 005 |
20220124083719.0 |
| 008 |
110128s2014 cy f gre |
| 952 |
|
|
|0 0
|1 0
|2 ddc
|4 0
|6 889_340000000000000_ΛΥΜ
|7 0
|9 354080
|a LISP
|b LISP
|c DON
|d 2022-01-10
|e ΠΑΤ
|i 254492
|l 0
|o 889.34 ΛΥΜ
|p 025000274126
|r 2022-01-10 00:00:00
|t 1
|w 2022-01-10
|y BKN
|
| 999 |
|
|
|c 207605
|d 207605
|
| 020 |
|
|
|a 9789963921270
|
| 040 |
|
|
|a GR-PaULI
|c GR-PaULI
|b gre
|e AACR2
|
| 082 |
1 |
4 |
|a 889.34
|2 23
|
| 100 |
1 |
|
|9 91691
|a Λυμπούρης, Κώστας,
|d 1950-
|e συγγραφέας.
|
| 245 |
1 |
4 |
|a Των ημετέρων άλλων /
|b
|c Κώστας Λυμπούρης.
|
| 260 |
|
|
|a Λεμύθου :
|b Παράκεντρο,
|c 2014.
|
| 300 |
|
|
|a 150 σ. ;
|c 21 εκ.
|
| 942 |
|
|
|2 ddc
|c BKN
|
| 998 |
|
|
|c ΜΠΟΥΡΑΣ
|d 2022-01
|